000 00248nam a22001097a 4500
008 230627b xxu||||| |||| 00| 0 eng d
082 _a338.1
_bGEO
100 _cSusan George
245 _aHow the Other Half Dies
300 _a351p
942 _2ddc
_cBK
999 _c2787
_d2787